[Event "EU-ch 16th"]
[Site "Jerusalem"]
[Date "2015.02.27"]
[Round "4"]
[White "Grigoryan, Karen H"]
[Black "Laznicka, Viktor"]
[Result "1-0"]
[WhiteElo "2596"]
[BlackElo "2670"]
[Annotator "Roiz,M"]
[PlyCount "55"]
[EventDate "2015.02.24"]
[EventType "swiss"]
[EventRounds "11"]
[EventCountry "ISR"]
[SourceTitle "CBM 166"]
[Source "ChessBase"]
[SourceDate "2015.05.11"]
[SourceVersion "1"]
[SourceVersionDate "2015.05.11"]
[SourceQuality "1"]

1. d4 d5 2. c4 c6 3. Nc3 Nf6 4. e3 a6 5. Nf3 b5 6. b3 Bg4 7. Be2 Nbd7 8. Ne5 {
Quite a rare way to fight for the opening advantage. Usually the knight
occupies this central square a few moves later.} (8. O-O) ({and} 8. h3 {
are the most popular continuations here.}) 8... Bxe2 9. Nxe2 e6 10. O-O dxc4 ({
Compared to the main line, where 8.h3 Bh5 is included, there is another solid
way of handling this position:} 10... Bd6 11. Bb2 bxc4 12. bxc4 O-O 13. Rb1 (
13. Nxc6 Qb6 14. c5 Qxc6 15. cxd6 Nb6 16. Ba3 Nc4 $11 {1/2-1/2 Cruz,C (2508)
-Postny,E (2661)/Barcelona 2008/CBM 126 Extra (33)}) 13... Qc7 14. f4 Ne4 $11 {
1/2-1/2 Ftacnik,L (2578)-Dziuba,M (2584)/Czechia 2011/EXT 2012 (20)}) 11. Nxd7
(11. bxc4 {would be dubious:} Nxe5 12. dxe5 Qxd1 13. Rxd1 Nd7 $15 {and Black's
pawn structure is much better.}) 11... Qxd7 12. bxc4 c5 13. Bb2 $146 {This
natural novelty may hardly change the evaluation of this theoretical line -
Black should be able to equalise without special efforts.} (13. cxb5 axb5 14.
dxc5 Bxc5 15. Qb3 b4 16. Bb2 O-O $11 {0-1 Tesic,D (2348)-Volkov,S (2575)/
Livigno ITA 2012 (29)}) 13... Rc8 {There was no need to delay the development
of the kingside pieces, though Black's position remains very solid.} ({GM
Laznicka had no reason to reject the following simplifications:} 13... cxd4 14.
Nxd4 (14. Bxd4 bxc4 15. Qc2 Be7 16. Qxc4 O-O $11) 14... bxc4 15. Qe2 Rc8 16.
Rac1 Qa4 17. Rc2 Bd6 18. Rfc1 O-O 19. Rxc4 Rxc4 20. Qxc4 Qxc4 21. Rxc4 Rb8 $11)
14. Rc1 (14. cxb5 {was hardly a serious improvement:} axb5 15. a4 bxa4 16. Rxa4
cxd4 17. Nxd4 (17. Bxd4 Be7 18. Ra7 Rc7 19. Rxc7 Qxc7 20. Qa4+ Qd7 21. Qa8+ Qd8
22. Qxd8+ Bxd8 $11) 17... Be7 18. Qa1 O-O 19. Ra7 Qe8 20. Rc1 Bc5 {with only a
symbolic edge of White.}) 14... b4 $6 {Viktor is playing with fire! Now, when
White's pawn centre is not under pressure, it is easier to extend the kingside
initiative and make use of some lead in development.} ({It looks like the
modest} 14... Be7 $1 {would still allow Black to solve their problems:} 15. Qb3
(15. dxc5 Qxd1 16. Rfxd1 b4 17. c6 (17. Bxf6 gxf6 18. c6 Rxc6 19. Nd4 Rc7 $11)
17... Rxc6 18. Nd4 Rc7 19. Nb3 O-O 20. c5 Rfc8 21. Be5 Rc6 $11) 15... cxd4 16.
Nxd4 bxc4 17. Rxc4 O-O 18. Rfc1 Rxc4 19. Qxc4 Rb8 $11) 15. d5 {This ambitious
advance is very tempting, but the closed type of position enables Black to
take care of development.} ({Possibly, even stronger would be} 15. Qb3 $1 Be7
16. dxc5 Bxc5 17. Nf4 Be7 (17... O-O 18. Bxf6 gxf6 19. Nh5 Qe7 20. Qb2 e5 21.
Qe2 f5 22. Qf3 Qe6 23. Ng3 $16) 18. Rfd1 Qb7 19. c5 $36) 15... Bd6 $6 {A
strange decision - the Bb2 is getting extremely strong and may damage Black's
kingside pawn structure any moment.} ({A much better try was} 15... Be7 $1 16.
Nf4 ({Possibly,} 16. Qd3 $5 {is most promising here, though after} exd5 17.
Bxf6 Bxf6 18. cxd5 O-O 19. Rfd1 Qb5 20. Rc4 Rfd8 21. e4 $14 {Black still has
some counterplay.}) 16... exd5 17. Bxf6 Bxf6 18. Nxd5 Qc6 19. Qf3 O-O $14 {
with only a small edge for White.}) 16. Bxf6 {Immediately admitting the main
drawback of Black's main move.} ({Another promising way was} 16. Ng3 h5 (16...
Qe7 17. f4 $16) 17. Bxf6 gxf6 18. Nxh5 f5 19. Qf3 $16) 16... gxf6 17. e4 O-O {
In this case castling doesn't really make the king any safer.} ({The best
practical chance was} 17... h5 $1 18. Ng3 Qc7 (18... h4 19. Nh5 Rh6 20. f4 $16)
19. h3 Bf4 (19... h4 20. Nh5 Be5 21. f4 Bd4+ 22. Kh1 Kf8 23. e5 $36) 20. Nxh5 (
20. Rc2 Qe5 {gives Black time for consolidating.}) 20... Bxc1 21. d6 Qd8 22.
d7+ Ke7 23. dxc8=Q Qxc8 24. Nxf6 Bb2 25. Ng4 Bd4 $14 {with some compensation
for a pawn.}) 18. f4 Kh8 19. Ng3 {All White's moves are natural and strong.}
Rg8 (19... Qc7 20. Qd2 Rg8 21. Nh5 Rg6 22. Rcd1 exd5 23. exd5 Rcg8 24. Rf2 $16)
20. Qh5 e5 {A decisive strategic mistake. Black cannot afford one more
weakening move.} ({The lesser evil was} 20... Rg6 21. e5 Bf8 22. Rcd1 Rh6 23.
Qe2 fxe5 24. fxe5 exd5 25. Rxd5 Qe6 $16) 21. Nf5 exf4 22. Rf3 Rg5 23. Qh6 Rg6
24. Qh4 $18 {Now the attack is unstoppable.} Rg5 (24... Bf8 {also left him
without hope:} 25. Rh3 h6 26. Qxf4 Re8 27. Rf1 $18) 25. Rh3 h5 26. Qf2 Kh7 (
26... Rxf5 27. exf5 Qxf5 28. Qf3 Kg7 29. Rxh5 Qg6 30. Rh4 f5 31. Re1 $18 {
was more stubborn, but it is also lost.}) 27. Qf3 Kg6 28. Rxh5 $1 {A nice
final touch. That was definitely not Viktor's day!} ({Black resigns, in view of
} 28. Rxh5 Rxh5 29. Qg4+ Rg5 30. Nh4+ Kg7 31. Qxd7 $18) 1-0

[Event "Cappelle op 36th"]
[Site "Cappelle la Grande"]
[Date "2020.02.26"]
[Round "7"]
[White "Enchev, Ivajlo"]
[Black "Mohammad, Nubairshah Shaikh"]
[Result "0-1"]
[WhiteElo "2496"]
[BlackElo "2415"]
[Annotator "Sagar Shah"]
[PlyCount "64"]
[EventDate "2020.02.22"]
[EventType "swiss"]
[EventRounds "9"]
[EventCountry "FRA"]
[SourceTitle "CBM 195 Extra"]
[Source "ChessBase"]
[SourceDate "2020.05.31"]
[SourceVersion "1"]
[SourceVersionDate "2020.05.31"]
[SourceQuality "1"]
[TimeControl "40/5400+30:1800+30"]

1. d4 {[%emt 0:00:00]} d5 {[%emt 0:00:00]} 2. c4 {[%emt 0:00:00]} c6 {[%emt 0:
00:00] Nubair has been a staunch follower of the Slav.} 3. Nc3 {[%emt 0:00:03]}
dxc4 $5 {[%emt 0:00:00]} 4. Nf3 {[%emt 0:00:36]} Nf6 {[%emt 0:00:30]} 5. e4 $5
{[%emt 0:00:47] The Geller Gambit is not considered as the best, but is surely
playable.} b5 {[%emt 0:00:01] Black rightly saves his pawn.} 6. Be2 {[%emt 0:
01:31]} (6. e5 Nd5 7. a4 {is how the biggest exponent of this lines- Salem
Saleh likes to play.}) 6... b4 {[%emt 0:00:40] This is the direct approach
where Black asks White to make a decision. He can either move his knight and
lose the e4 pawn or he can push forward with e5.} ({Pertinent:} 6... Bg4 7. O-O
e6 8. a4 b4 9. e5 bxc3 10. exf6 cxb2 11. fxg7 Bxg7 12. Bxb2 O-O 13. Ne5 Bf5 14.
Nxc4 c5 15. Bf3 Nd7 16. Bxa8 Qxa8 17. dxc5 Bxb2 18. Nxb2 Nxc5 19. Rc1 Rd8 20.
Qe2 Nb3 21. Rcd1 Nd4 22. Qe3 Qd5 23. h3 Bg6 24. Kh1 e5 25. f4 Rb8 26. Qxe5 Qxe5
27. fxe5 Nf5 28. Rf2 Ng3+ 29. Kh2 Ne4 30. Rc2 Ng5 31. Rcd2 Kg7 32. Nc4 Rb4 33.
Nd6 Rxa4 34. Ne8+ Kh6 35. Nf6 Ne6 36. Rf2 {Carlsen,M (2876)-Mamedov,R (2645)
chess24.com INT 2020 0-1 (88)}) 7. e5 {[%emt 0:01:14]} (7. Na4 Nxe4 8. Bxc4 {
is the main line.}) 7... bxc3 {[%emt 0:00:03]} 8. exf6 {[%emt 0:00:12]} cxb2 {
[%emt 0:00:07]} 9. fxg7 {[%emt 0:07:58]} (9. Bxb2 exf6 10. O-O Be6 11. Qa4 Be7
12. Bxc4 O-O {Black should be fine here with no issues, but this should have
been the best way to continue.}) 9... bxa1=Q {[%emt 0:02:35]} 10. gxh8=Q {
[%emt 0:00:25] Both sides have queens on the board. Whose queen is more
powerful? That's the question.'} Qa5+ $1 {[%emt 0:00:38] Black's queen joins
the action immediately. The only way in which Black can cause White trouble.'}
11. Nd2 $146 {[%emt 0:14:13]} (11. Kf1 Q5c3 $1 12. Bh6 Qxd1+ 13. Bxd1 Nd7 $19 {
Black has everything under control.}) (11. Bd2 Qxd1+ 12. Kxd1 (12. Bxd1 c3 $19)
12... c3 13. Be3 c2+ 14. Kxc2 Bf5+ $19) 11... c3 {[%emt 0:21:17]} 12. O-O {
[%emt 0:00:28] White makes the practical choice of giving up a piece, but
Black manages to hold on quite easily.} cxd2 {[%emt 0:01:54]} 13. Bxd2 {
[%emt 0:00:20]} Qxd1 {[%emt 0:00:05]} 14. Rxd1 {[%emt 0:00:04]} Qf5 {[%emt 0:
03:56]} 15. d5 {[%emt 0:03:38]} Qg6 $1 {[%emt 0:13:26]} (15... cxd5 16. Bh6 Nd7
17. Bb5 $18) 16. Bf3 {[%emt 0:21:53]} (16. dxc6 Nxc6 17. Bf3 Bg4 $19) 16...
cxd5 $2 {[%emt 0:06:33]} (16... Bg4 $1 17. Bxg4 Qxg4 18. Rc1 Qg7 19. Qxg7 Bxg7
20. dxc6 Na6 $19) 17. Bxd5 {[%emt 0:03:40]} Nc6 {[%emt 0:00:06]} 18. Be4 $5 {
[%emt 0:08:58] Quite an interesting move but Enchev fails to find an
equalizing opportunity.'} (18. Bh6 $3 {was a powerful strike here.} Qxh6 19.
Qxh7 $1 {This move is very powerful. Now the queen must stay in touch with c6
if Black wants to play for an advantage.} Bd7 (19... Qxh7 20. Bxc6+ Bd7 21.
Bxd7+ Kd8 22. Bf5+ $16) (19... Qf6 20. Qxf7+ Qxf7 21. Bxc6+ Bd7 22. Bxd7+ Kd8
23. Be6+ Ke8 24. Bd7+ $11) (19... Nd8 20. Qxh6 Bxh6 21. Bxa8 $13 {This
position is difficult to assess. Dynamically balanced maybe the right way.}) (
19... Ne5 20. Qxh6 Bxh6 21. Bxa8 $13) 20. Qxf7+ Kd8 21. Bxc6 Qxc6 22. Qxf8+ Kc7
23. Qf4+ Kb7 24. Qd2 $13) 18... Qe6 $6 {[%emt 0:06:27]} (18... Qxe4 $6 19. Bh6
$36 Nd4 20. Qxf8+ Kd7 21. Qxf7 Bb7 22. f3 $13) (18... Qd6 $1 19. Bf3 Bd7 $19)
19. Qxh7 {[%emt 0:08:55]} (19. Bc3 $1 {The idea is Bg7.} Bd7 {The only move.}
20. Bxc6 (20. Bg7 O-O-O 21. Bxc6 Bxc6 22. Rxd8+ Kxd8 23. Qxf8+ Kd7 $19 {
White king is checkmated.}) 20... Qxc6 (20... Bxc6 21. Bg7 $18) 21. Bg7 O-O-O
22. Bxf8 $13) 19... Bd7 {[%emt 0:03:08]} 20. h3 {[%emt 0:04:15]} Rc8 {[%emt 0:
01:08]} 21. Re1 {[%emt 0:06:01]} Qxa2 {[%emt 0:07:13]} 22. Bc3 {[%emt 0:03:27]}
Nd8 {[%emt 0:04:28]} 23. Qh8 {[%emt 0:03:52]} Qc4 {[%emt 0:02:35]} 24. Re3 {
[%emt 0:00:51]} Rc5 {[%emt 0:04:29] Now the king is safe on e8 and Black's
queen and rook create the attack around the white king.} 25. h4 {[%emt 0:02:17]
} Ne6 {[%emt 0:02:47]} 26. h5 {[%emt 0:01:05]} Bb5 {[%emt 0:03:21]} 27. Bd3 {
[%emt 0:02:47]} Qg4 {[%emt 0:00:05]} 28. Bxb5+ {[%emt 0:03:18]} Rxb5 {[%emt 0:
00:02]} 29. h6 {[%emt 0:01:02]} Rg5 {[%emt 0:07:48]} 30. g3 {[%emt 0:00:14]}
Rh5 {[%emt 0:00:19]} 31. Qh7 {[%emt 0:00:36]} Qd1+ {[%emt 0:01:22]} 32. Re1 {
[%emt 0:00:43]} Qf3 {[%emt 0:00:08]} 0-1

[Event "Qatar Masters op"]
[Site "Doha"]
[Date "2015.12.26"]
[Round "6"]
[White "Jakovenko, Dmitrij"]
[Black "Bologan, Viktor"]
[Result "1-0"]
[WhiteElo "2737"]
[BlackElo "2654"]
[Annotator "Sagar Shah"]
[PlyCount "55"]
[EventDate "2015.12.20"]
[EventType "swiss"]
[EventRounds "9"]
[EventCountry "QAT"]
[SourceTitle "CBM 170"]
[Source "ChessBase"]
[SourceDate "2016.01.15"]
[SourceVersion "1"]
[SourceVersionDate "2016.01.15"]
[SourceQuality "1"]

1. d4 d5 2. c4 c6 3. Nf3 Nf6 4. Nc3 a6 5. e3 Bf5 6. Qb3 b5 (6... Ra7 7. cxd5
cxd5 8. Bd2 {is scoring quite well for White.}) 7. cxd5 cxd5 8. a4 b4 $5 {
This is a very interesting pawn sacrifice. What Black intends to do is to play
...Nc6 followed by e6 and take control of the b4-square. In this way he gets a
lead in development at the cost of a pawn.} 9. Qxb4 Nc6 10. Qc5 (10. Qb3 Rb8
11. Qd1 Nb4 {is already very bad for White.}) 10... Na5 {Threatening ...Nb3.}
11. Bxa6 $5 (11. Qa3 {is the other theoretical move but after} e6 12. b4 Nc6
13. Na2 Bd6 $44 {Black has excellent compensation.}) 11... Rxa6 12. Qb5+ Rc6
13. Ne5 Bd7 14. Nxd7 (14. Nxc6 Bxc6 15. Qe2 Nb3 $17 {followed by e6 is clearly
better for Black.}) 14... Nxd7 (14... Qxd7 15. Qxa5 $16) 15. Bd2 $5 (15. Nxd5
e6 16. Bd2 (16. Nc3 $2 Be7 {followed by Qc7 and 0-0 is just better for Black.})
16... exd5 17. Bxa5 Qa8 $15 {and here Black is completely fine, even slightly
better.}) 15... Qa8 (15... Rc8 16. Nxd5 Nc4 17. Rc1 Nd6 18. Rxc8 Qxc8 (18...
Nxb5 19. Rxd8+ Kxd8 20. axb5 $18) 19. Qa6 $1 Qxa6 (19... Qc2 20. O-O $16) 20.
Nc7+ Kd8 21. Nxa6 e5 22. Ke2 $1 $14 (22. dxe5 Ne4 23. Ba5+ Kc8 24. f3 Nxe5 25.
fxe4 Kb7 26. Nc7 $11)) 16. Nxd5 e6 17. Nf4 $5 {This is the first new move to
be seen in the databases, although if truth be told I played the same move
against Abhilash Reddy in the eighth round of Mumbai Mayor's Cup 2014. However
that game did not make it to the databases. White asks Black to defend the
a5-knight.} Ra6 (17... Nc4 18. Rc1 $16) 18. O-O $1 (18. d5 {was what I played
and after} e5 19. Nd3 Bd6 20. Rc1 $6 Ke7 $1 {0-1 (34) Sagar,S (2309)-Abhilash,
R (2189) Mumbai Mayor's Cup 2014. Black was threatening already to trap my
queen with ...Rb8, and he won the game. Jakovenko found a much better moment
to break with d5 in the centre.}) 18... Bd6 19. d5 $5 exd5 (19... Bxf4 $6 20.
exf4 exd5 21. Rfe1+ $18) 20. Rfd1 Nc6 {Jakovenko had not studied this move and
when he reached this position it was quite unclear for him what wass to be
done. That is because he had prepared with the computer and the engine never
suggested the move. This is the downside to computer preparation: often when
our opponent deviates, we do not know how to continue. But Dmitry is a strong
player and could work out the best way to play over the board.} (20... d4 {
is the computer's suggestion, and also what Jakovenko had prepared.} 21. Bb4
Bxb4 22. Qxb4 Nc6 23. Qa3 {when White has good compensation as Black cannot
0-0.}) 21. Bc3 ({Engines suggest} 21. Qxd5 {but during the game Jakovenko
couldn't really find an edge for White.} Ne7 22. Qxa8+ (22. Qb5 Rb6 23. Qf1 Be5
$11) 22... Rxa8 23. Bc3 (23. a5 $5 $14 {is a possible improvement as after} Be5
24. Nd3 Bf6 25. Rab1 $16 {followed by b4 White seems to have a very solid
advantage.}) 23... Be5 $1 24. Rxd7 Bxc3 25. Rxe7+ Kxe7 26. Nd5+ Kd6 27. Nxc3
Rhb8 $11 {and Black cannot lose this position.}) 21... Bxf4 (21... O-O {
was also possible.} 22. Nxd5 Rb8 23. Qc4 Nce5 24. Qh4 Ng6 25. Qg4 Nge5 {
At this point the computer suggests repeating the moves with Qh4 or Qf4. It
seems like forced otherwise the a4-pawn will fall.}) 22. exf4 O-O 23. Rxd5 Nb6
$6 (23... Nf6 {was much better as after} 24. Bxf6 gxf6 $11 {this structure
looks ugly, but Black is doing absolutely fine here. There is no way to get to
the Black king. For example} 25. Rh5 {is quite well met by} Ra5 $1 $17) 24. Rg5
$1 g6 (24... f6 {Viktor might have wanted to continue with this move but later
saw that Rxg7 is simply crushing.} 25. Rxg7+ $3 Kxg7 26. Qg5+ Kf7 (26... Kh8
27. Bxf6+ Rxf6 28. Qxf6+ Kg8 29. Ra3 $1 $18 {The rook makes a dramatic
entrance and ends the game.}) 27. Qxf6+ Ke8 28. Re1+ Kd7 29. Qg7+ $1 Kd6 30.
Bb4+ $1 Nxb4 31. Qe7+ Kd5 32. Qe5+ Kc4 33. Qc3+ Kd5 34. Re5+ Kd6 35. Qc5+ Kd7
36. Re7+ Kd8 37. Qc7# {So many black pieces but none of them controlled the
key e5, c5, c7, e7 squares.}) 25. a5 $1 Rd8 (25... Nd7 26. Rd1 $16) 26. Re1 Nc8
27. Rd5 Rxd5 $2 (27... Rf8 {would have put up a fight, but White is better
after} 28. b4 $18) 28. Re8# {A fine game by Jakovenko who has contributed to
the development of the theory in this variation. After the game Dmitry was
asked whether he had refuted this variation of the a6 Slav, to which he
replied, "This line is played by Tomashevsky, and as we know Evgeny's lines
can never be refuted!"} 1-0